[Event "III Festival Magistrale"]
[Site "Montecatini Terme ITA"]
[Date "1994.07.??"]
[Round "?"]
[White "Gazzarri, Alberto"]
[Black "Balzan, Roberto"]
[Result "1/2-1/2"]
[WhiteElo "2210"]
[BlackElo "1933"]
[PlyCount "159"]
[EventDate "1994.07.30"]

1. e4 e6 2. d4 d5 3. e5 c5 4. c3 Nc6 5. Nf3 Bd7 6. Be2 Nge7 7. Na3 cxd4 8. cxd4
Nf5 9. Nc2 Qb6 10. O-O Be7 11. b3 Rc8 12. Bb2 O-O 13. Qd3 f6 14. Rac1 Rc7 15.
exf6 Bxf6 16. Ba3 Be7 17. Bxe7 Ncxe7 18. Ne5 Nc6 19. Nxd7 Rxd7 20. Rcd1 Rdf7
21. Rd2 Qd8 22. Bg4 Qg5 23. Bxf5 Rxf5 24. Re1 Qf6 25. f3 Rf4 26. Qe3 Re8 27.
Qd3 h5 28. Re3 Rf8 29. Kf2 Qh4+ 30. Kg1 Qf6 31. Kf2 Qh4+ 32. Kg1 Qf6 33. b4 h4
34. Kf2 Rf5 35. Rde2 Re8 36. Re1 Rf4 37. g3 hxg3+ 38. hxg3 Rf5 39. Rh1 Kf7 40.
a3 Rf8 41. Qc3 Rc8 42. Qd3 b6 43. Kg2 Qg5 44. Re2 Ne7 45. Ne3 Ng6 46. Kf2 Rf6
47. Ng2 Rc4 48. Ne3 Rc7 49. Rc2 Rd7 50. Qb5 Re7 51. a4 Nf8 52. Rh8 g6 53. Rh4
Kg7 54. Rg4 Qh5 55. Kg2 Ref7 56. Rf2 Nh7 57. Rf1 g5 58. a5 Rh6 59. Kf2 Nf6 60.
Ke2 Nxg4 61. Nxg4 Rh8 62. axb6 axb6 63. Qxb6 Qg6 64. Qc6 Ra7 65. Rc1 Rf8 66.
Qd6 Ra2+ 67. Ke1 Ra7 68. Ne5 Qf5 69. g4 Qf4 70. Rc7+ Rxc7 71. Qxc7+ Kg8 72. Qd7
Qe3+ 73. Kf1 Rxf3+ 74. Nxf3 Qxf3+ 75. Ke1 Qe4+ 76. Kf1 Qd3+ 77. Ke1 Qc3+ 78.
Kf1 Qc4+ 79. Kg2 Qe2+ 80. Kg3 1/2-1/2

[Event "III Festival Magistrale"]
[Site "Montecatini Terme ITA"]
[Date "1994.07.??"]
[Round "?"]
[White "Gazzarri, Alberto"]
[Black "Berg, Daniel"]
[Result "1-0"]
[WhiteElo "2210"]
[BlackElo "2320"]
[PlyCount "57"]
[EventDate "1994.07.30"]

1. e4 d6 2. d4 Nf6 3. Bd3 e5 4. c3 Nc6 5. Ne2 d5 6. exd5 Qxd5 7. O-O e4 8. Nf4
Qf5 9. Re1 Be6 10. d5 Bd6 11. dxc6 Bxf4 12. cxb7 Rd8 13. Bxf4 Qxf4 14. Qa4+ Ke7
15. Be2 Rhe8 16. Na3 Kf8 17. Qxa7 Rb8 18. c4 Kg8 19. Rad1 c6 20. Qb6 Nd7 21.
Qxc6 Ne5 22. Qb6 f5 23. c5 e3 24. f3 Qh4 25. c6 Qf2+ 26. Kh1 Bd5 27. c7 Rxb7
28. Qc5 Rxc7 29. Qxc7 1-0

[Event "III Festival Magistrale"]
[Site "Montecatini Terme ITA"]
[Date "1994.07.??"]
[Round "?"]
[White "Gazzarri, Alberto"]
[Black "Caputi, Nicola"]
[Result "1-0"]
[WhiteElo "2210"]
[BlackElo "1913"]
[PlyCount "81"]
[EventDate "1994.07.30"]

1. e4 d5 2. exd5 Qxd5 3. Nc3 Qa5 4. d4 c6 5. Nf3 Bf5 6. Bd3 Bxd3 7. Qxd3 e6 8.
O-O Nf6 9. Bf4 Be7 10. Ne4 Nxe4 11. Qxe4 O-O 12. c4 Nd7 13. a3 Nf6 14. Qc2 Rfd8
15. Rfe1 Qh5 16. Re5 Qg6 17. Qe2 h6 18. Bg3 Bd6 19. Re3 Bxg3 20. hxg3 Rd6 21.
Re1 Qg4 22. Rb3 b6 23. c5 bxc5 24. dxc5 Rd5 25. Rb4 Qh5 26. Rh4 Qf5 27. Nd4 Qg5
28. b4 a5 29. Nxc6 Rd2 30. Qf3 Re8 31. Nxa5 Red8 32. c6 R8d3 33. c7 Rxf3 34.
c8=Q+ Kh7 35. gxf3 Qf5 36. Qb7 Nd5 37. Kg2 g5 38. Rhe4 Rd3 39. Rxe6 Rxf3 40.
R6e2 Nc3 41. Qxf3 1-0

[Event "III Festival Magistrale"]
[Site "Montecatini Terme ITA"]
[Date "1994.07.??"]
[Round "?"]
[White "Gazzarri, Alberto"]
[Black "Vezzosi, Paolo"]
[Result "0-1"]
[WhiteElo "2210"]
[BlackElo "2300"]
[PlyCount "84"]
[EventDate "1994.07.30"]

1. e4 e6 2. d4 d5 3. e5 c5 4. c3 Nc6 5. Nf3 Bd7 6. Be2 Nh6 7. Bxh6 gxh6 8. O-O
Qb6 9. Qd2 Bg7 10. Na3 O-O 11. Nc2 cxd4 12. cxd4 f6 13. Ne3 fxe5 14. Nxe5 Qxd4
15. Qxd4 Nxd4 16. Nxd7 Nxe2+ 17. Kh1 Rfc8 18. Rae1 Nf4 19. Ng4 Rc7 20. Nge5 Rd8
21. g3 Nh5 22. b4 Rcxd7 23. Nxd7 Rxd7 24. Rxe6 Kf7 25. Re3 d4 26. Ra3 b6 27.
Rd1 Nf6 28. Kg2 Nd5 29. b5 Ke7 30. Rb3 Kd6 31. Kf3 Rf7+ 32. Kg2 Kc5 33. Rdb1
Nc3 34. R1b2 Bf8 35. f4 Kc4 36. Kf3 Nxa2 37. g4 Nb4 38. f5 Bd6 39. h4 Nd5 40.
Rb1 h5 41. R3b2 hxg4+ 42. Kxg4 Ne3+ 0-1

[Event "III Festival Magistrale"]
[Site "Montecatini Terme ITA"]
[Date "1994.07.??"]
[Round "?"]
[White "Giordani, Marco"]
[Black "Bernardi, Ruben"]
[WhiteElo "2034"]
[BlackElo "2035"]
[Result "1/2-1/2"]
[PlyCount "27"]
[EventDate "1994.07.30"]

1. e4 e6 2. d4 d5 3. Nc3 Bb4 4. e5 c5 5. a3 Bxc3+ 6. bxc3 Ne7 7. Nf3 Qc7 8. Bd3
Bd7 9. h4 Nbc6 10. a4 cxd4 11. cxd4 Nxd4 12. Nxd4 Qc3+ 13. Bd2 Qxd4 14. f4
1/2-1/2

[Event "III Festival Magistrale"]
[Site "Montecatini Terme ITA"]
[Date "1994.07.??"]
[Round "?"]
[White "Giordani, Marco"]
[Black "Everet, Alexandro"]
[WhiteElo "2034"]
[BlackElo "1971"]
[Result "1-0"]
[PlyCount "57"]
[EventDate "1994.07.30"]

1. e4 e6 2. d4 d5 3. Nc3 Bb4 4. e5 c5 5. a3 Ba5 6. b4 cxb4 7. Nb5 bxa3+ 8. Bd2
Bc7 9. Rxa3 Nc6 10. Qg4 Nxe5 11. Qg3 Ne7 12. dxe5 Ng6 13. Nf3 Bd7 14. Nxc7+
Qxc7 15. Bd3 a5 16. h4 a4 17. Bb4 f6 18. Bxg6+ hxg6 19. Qxg6+ Kd8 20. Qxg7 Re8
21. Qxf6+ Kc8 22. h5 b5 23. Rc3 Bc6 24. Nd4 a3 25. Rxc6 Qxc6 26. Nxc6 a2 27.
Kd2 a1=Q 28. Rxa1 Rxa1 29. Qf7 1-0

[Event "III Festival Magistrale"]
[Site "Montecatini Terme ITA"]
[Date "1994.07.??"]
[Round "?"]
[White "Giordani, Marco"]
[Black "Kovacevic, Slobodan"]
[Result "0-1"]
[WhiteElo "2034"]
[BlackElo "2380"]
[PlyCount "66"]
[EventDate "1994.07.30"]

1. e4 c5 2. Nf3 e6 3. d4 cxd4 4. Nxd4 a6 5. c4 Nf6 6. Bd3 Qc7 7. Nc3 b6 8. O-O
Bb7 9. Be3 Bb4 10. f3 Bxc3 11. bxc3 d6 12. Rb1 Nbd7 13. Qa4 O-O 14. Nb3 Rfc8
15. Nd2 Nc5 16. Qc2 Nfd7 17. Be2 d5 18. cxd5 exd5 19. c4 dxe4 20. fxe4 Re8 21.
Rf4 Re7 22. Rbf1 Rae8 23. Bd4 Ne6 24. Be3 Nxf4 25. Rxf4 Nc5 26. Bf3 Qd6 27. Rg4
f5 28. Rh4 fxe4 29. Bg5 Qd4+ 30. Kf1 Qa1+ 31. Bd1 Rf7+ 32. Kg1 Qd4+ 33. Kh1 h6
0-1

[Event "III Festival Magistrale"]
[Site "Montecatini Terme ITA"]
[Date "1994.07.??"]
[Round "?"]
[White "Giordani, Marco"]
[Black "Pieri, Filippo"]
[Result "0-1"]
[WhiteElo "2034"]
[BlackElo "2220"]
[PlyCount "86"]
[EventDate "1994.07.30"]

1. e4 c5 2. Nf3 d6 3. d4 cxd4 4. Nxd4 Nf6 5. Nc3 g6 6. Be3 Bg7 7. f3 O-O 8. Bc4
Nc6 9. Qd2 Bd7 10. O-O-O Rc8 11. Bb3 Ne5 12. g4 b5 13. Ndxb5 Nxf3 14. Qf2 Ne5
15. h3 Bxb5 16. Nxb5 Nxe4 17. Qg2 Nc5 18. Nxa7 Nxb3+ 19. axb3 Rb8 20. Qd5 Qd7
21. Bd4 Rb7 22. Bxe5 Bxe5 23. Nc6 Bf4+ 24. Kb1 Rc8 25. Rhf1 Qxc6 26. Qxc6 Rxc6
27. Rxf4 h6 28. Rd3 f6 29. c4 Kf7 30. Kc2 e5 31. Rf1 Ke6 32. Kc3 Rcb6 33. Kc2
e4 34. Re1 f5 35. Ree3 Ke5 36. gxf5 gxf5 37. Rd5+ Kf4 38. Rc3 Rg7 39. Rd2 Rg3
40. Rf2+ Rf3 41. Rfxf3+ exf3 42. Kd2 Kg3 43. Ke1 Ra6 0-1

[Event "III Festival Magistrale"]
[Site "Montecatini Terme ITA"]
[Date "1994.07.??"]
[Round "?"]
[White "Giuliano, Arturo"]
[Black "Bernardi, Ruben"]
[WhiteElo "2114"]
[BlackElo "2035"]
[Result "0-1"]
[PlyCount "74"]
[EventDate "1994.07.30"]

1. e4 e6 2. d4 d5 3. Nc3 Bb4 4. e5 c5 5. a3 Bxc3+ 6. bxc3 Ne7 7. Nf3 Qc7 8. Be2
Nbc6 9. a4 cxd4 10. cxd4 Nb4 11. O-O Qxc2 12. Qe1 a5 13. Ba3 Bd7 14. Bb5 Bxb5
15. axb5 Nd3 16. Qb1 Rc8 17. Bxe7 Kxe7 18. Rxa5 Qxb1 19. Rxb1 Ra8 20. Rxa8 Rxa8
21. Nd2 Ra4 22. Nf3 h6 23. g3 Rb4 24. Rxb4 Nxb4 25. Nd2 Kd7 26. f4 Kc7 27. Kf2
Kb6 28. g4 Kxb5 29. h4 Nc2 30. Ke2 Kb4 31. Kd3 Ne1+ 32. Ke2 Ng2 33. Kf3 Nxh4+
34. Kg3 Kc3 35. Ne4+ dxe4 36. d5 exd5 37. f5 g5 0-1

[Event "III Festival Magistrale"]
[Site "Montecatini Terme ITA"]
[Date "1994.07.??"]
[Round "?"]
[White "Giuliano, Arturo"]
[Black "Cirabisi, Federico"]
[Result "0-1"]
[WhiteElo "2114"]
[BlackElo "2240"]
[PlyCount "52"]
[EventDate "1994.07.30"]

1. e4 Nf6 2. d3 e5 3. f4 d5 4. fxe5 Ng4 5. d4 dxe4 6. c3 Nc6 7. Bb5 a6 8. Bxc6+
bxc6 9. Qe2 f5 10. exf6 Nxf6 11. Bg5 Bf5 12. Nf3 Bd6 13. O-O Qd7 14. Bxf6 gxf6
15. Nh4 Be6 16. Qxe4 O-O-O 17. Nd2 Rhg8 18. Qe2 Bd5 19. Qxa6+ Kb8 20. Rf5 Rxg2+
21. Nxg2 Qxf5 22. Rf1 Qh3 23. Rf2 Qxh2+ 24. Kf1 Qh1+ 25. Ke2 Bxg2 26. Nc4 Re8+
0-1

[Event "III Festival Magistrale"]
[Site "Montecatini Terme ITA"]
[Date "1994.07.??"]
[Round "?"]
[White "Giuliano, Arturo"]
[Black "Grigore, George-Gabriel"]
[Result "0-1"]
[WhiteElo "2114"]
[BlackElo "2440"]
[PlyCount "76"]
[EventDate "1994.07.30"]

1. e4 c6 2. d4 d5 3. Nc3 dxe4 4. Nxe4 Bf5 5. Ng3 Bg6 6. Nh3 e6 7. Nf4 Qc7 8.
Nxg6 hxg6 9. Qf3 Nf6 10. Bf4 Bd6 11. Bxd6 Qxd6 12. O-O-O Nbd7 13. Bc4 Rh4 14.
c3 O-O-O 15. h3 Nb6 16. Bb3 Nbd5 17. Ne2 Rdh8 18. c4 Ne7 19. Rd3 Nf5 20. Rhd1
Re4 21. d5 Qe5 22. R3d2 exd5 23. cxd5 c5 24. Rc2 Kb8 25. Nc3 Nd4 26. Rxd4 Rxd4
27. Re2 Qf4+ 28. Qxf4+ Rxf4 29. d6 c4 30. Ba4 Rd8 31. d7 a6 32. Re8 Kc7 33. f3
b5 34. Rxd8 Kxd8 35. Bc2 Rd4 36. Ne2 Rxd7 37. f4 Nd5 38. Be4 Ne3 0-1

[Event "III Festival Magistrale"]
[Site "Montecatini Terme ITA"]
[Date "1994.07.??"]
[Round "?"]
[White "Gorgs, Alfred"]
[Black "Bernardi, Ruben"]
[Result "1-0"]
[WhiteElo "2195"]
[BlackElo "2035"]
[PlyCount "79"]
[EventDate "1994.07.30"]

1. e4 e6 2. d4 d5 3. Nc3 Bb4 4. Bd2 dxe4 5. Qg4 Nf6 6. Qxg7 Rg8 7. Qh6 Rg6 8.
Qe3 Bxc3 9. Bxc3 Bd7 10. Nh3 Bc6 11. O-O-O Nd5 12. Qe1 Nxc3 13. Qxc3 Qf6 14.
Qe3 Nd7 15. Nf4 Rg4 16. g3 Nb6 17. c4 e5 18. Nh5 Qg6 19. d5 Bd7 20. f3 Rg5 21.
h4 Rxh5 22. g4 Qh6 23. g5 Qg6 24. c5 Nc8 25. Be2 exf3 26. Qxe5+ Kd8 27. Bxf3 f6
28. Bxh5 fxe5 29. Bxg6 hxg6 30. h5 gxh5 31. Rde1 Bg4 32. Rxe5 Kd7 33. Rhe1 b6
34. Re8 h4 35. b4 Rb8 36. g6 bxc5 37. bxc5 Rb4 38. g7 Rc4+ 39. Kd2 Rd4+ 40. Kc3
1-0

[Event "III Festival Magistrale"]
[Site "Montecatini Terme ITA"]
[Date "1994.07.??"]
[Round "?"]
[White "Gorgs, Alfred"]
[Black "Giordani, Marco"]
[Result "1-0"]
[WhiteElo "2195"]
[BlackElo "2034"]
[PlyCount "71"]
[EventDate "1994.07.30"]

1. e4 c5 2. Nf3 d6 3. d4 cxd4 4. Nxd4 Nf6 5. Nc3 a6 6. Be2 e5 7. Nb3 Be7 8. Be3
Be6 9. O-O Nbd7 10. f4 Qc7 11. Kh1 b5 12. Nd5 Bxd5 13. exd5 O-O 14. a4 b4 15.
a5 exf4 16. Rxf4 Rfc8 17. Rc1 Qb7 18. Bf3 Ne5 19. Bb6 Nxf3 20. Qxf3 Nd7 21.
Rxb4 Bg5 22. Rf1 Ne5 23. Qe4 Qd7 24. Bg1 g6 25. Nd4 Nc4 26. Nf3 Nd2 27. Nxd2
Bxd2 28. c3 Re8 29. Qh4 f5 30. Bd4 Qf7 31. Rb6 Re2 32. Rxd6 Rae8 33. Rf6 Qxd5
34. Rxg6+ Kf8 35. Qf6+ Qf7 36. Rg8+ 1-0

[Event "III Festival Magistrale"]
[Site "Montecatini Terme ITA"]
[Date "1994.07.??"]
[Round "?"]
[White "Gorgs, Alfred"]
[Black "Tiviakov, Sergei"]
[Result "0-1"]
[WhiteElo "2195"]
[BlackElo "2640"]
[PlyCount "118"]
[EventDate "1994.07.30"]

1. e4 c5 2. Nf3 d6 3. d4 cxd4 4. Nxd4 Nf6 5. Nc3 g6 6. Be2 Bg7 7. Be3 Nc6 8.
Nb3 O-O 9. f4 a5 10. a4 Be6 11. O-O Nd7 12. Qe1 Nb4 13. Qd2 Bxb3 14. cxb3 Nc5
15. Bc4 Nxe4 16. Bxf7+ Rxf7 17. Nxe4 Rf5 18. Rad1 Rc8 19. Nc3 Qd7 20. Bd4 Bh6
21. Rde1 Rcf8 22. g3 Nc6 23. Nb5 e5 24. Bc5 exf4 25. Qxd6 Qf7 26. Rxf4 Rxf4 27.
gxf4 Rd8 28. Qe6 Qxe6 29. Rxe6 Bxf4 30. Nd6 b6 31. Nc4 bxc5 32. Rxc6 Rd5 33.
Rf6 g5 34. Ra6 g4 35. Rf6 Rd4 36. Kg2 Kg7 37. Rf5 Kg6 38. Rxc5 Re4 39. Rxa5
Re2+ 40. Kf1 Rxh2 41. Ne5+ Bxe5 42. Rxe5 Rxb2 43. Re2 Rb1+ 44. Re1 Rxb3 45. Ra1
Rb6 46. a5 Ra6 47. Kg2 Kg5 48. Kg3 h5 49. Ra4 h4+ 50. Kg2 Rc6 51. Ra1 h3+ 52.
Kh2 Kh4 53. Kh1 g3 54. Ra4+ Kg5 55. Ra1 Ra6 56. Ra4 Rf6 57. Ra1 g2+ 58. Kg1 Kg4
59. Ra4+ Kg3 0-1

[Event "III Festival Magistrale"]
[Site "Montecatini Terme ITA"]
[Date "1994.07.??"]
[Round "?"]
[White "Grigore, George-Gabriel"]
[Black "Ferretti, Folco"]
[Result "1-0"]
[WhiteElo "2440"]
[BlackElo "2285"]
[PlyCount "93"]
[EventDate "1994.07.30"]

1. d4 d5 2. c4 c6 3. Nc3 e5 4. dxe5 d4 5. Ne4 Qa5+ 6. Nd2 Nd7 7. Ngf3 Nxe5 8.
Nxd4 Nxc4 9. a3 Nxd2 10. Bxd2 Qd5 11. Bc3 Nf6 12. f3 Be7 13. e4 Qd8 14. Bc4 O-O
15. Qe2 c5 16. Nc2 Be6 17. Rd1 Qb6 18. O-O Rad8 19. Ne3 Bxc4 20. Qxc4 Qe6 21.
Qb5 b6 22. Qa6 Ra8 23. Nf5 Rfb8 24. Nxe7+ Qxe7 25. Rd3 Rd8 26. Rfd1 Rxd3 27.
Qxd3 h6 28. e5 Ne8 29. f4 a6 30. f5 b5 31. Qd5 Rc8 32. Qd7 Rc7 33. Qxe7 Rxe7
34. Rd5 Rc7 35. Kf2 g6 36. Rd8 Re7 37. f6 Re6 38. b4 c4 39. h4 h5 40. Kf3 Kh7
41. Rd7 Kg8 42. Kf4 Rc6 43. Rd8 Re6 44. Kg5 Kf8 45. Kh6 Rc6 46. Kh7 Rc7 47. Bd2
1-0

[Event "III Festival Magistrale"]
[Site "Montecatini Terme ITA"]
[Date "1994.07.??"]
[Round "?"]
[White "Grigore, George-Gabriel"]
[Black "Gazzarri, Alberto"]
[Result "1-0"]
[WhiteElo "2440"]
[BlackElo "2210"]
[PlyCount "85"]
[EventDate "1994.07.30"]

1. d4 d5 2. c4 c6 3. Nc3 Nf6 4. cxd5 cxd5 5. Bf4 Nc6 6. e3 Bf5 7. Bb5 e6 8. Qa4
Qb6 9. Nf3 Nd7 10. Nh4 Bg6 11. O-O-O Be7 12. Nxg6 fxg6 13. Kb1 O-O 14. Rc1 Nf6
15. Bxc6 bxc6 16. Qc2 Rac8 17. Na4 Qb4 18. Rhd1 Nd7 19. Rd3 Nb6 20. Nc5 Bxc5
21. Qxc5 Qb5 22. Rb3 Qxc5 23. Rxc5 Nc4 24. Rb7 g5 25. Bg3 Rf7 26. Rxf7 Kxf7 27.
b3 Nd2+ 28. Kc2 Ne4 29. Ra5 c5 30. Rxa7+ Kg6 31. Rc7 Rxc7 32. Bxc7 cxd4 33.
exd4 Kf7 34. f3 Nf6 35. a4 Ke7 36. b4 Kd7 37. Be5 Ne8 38. b5 Kc8 39. a5 Kb7 40.
Kb3 Ka7 41. Kb4 Nf6 42. Bxf6 gxf6 43. Kc5 1-0

[Event "III Festival Magistrale"]
[Site "Montecatini Terme ITA"]
[Date "1994.07.??"]
[Round "?"]
[White "Grigore, George-Gabriel"]
[Black "Kovacevic, Slobodan"]
[Result "1-0"]
[WhiteElo "2440"]
[BlackElo "2380"]
[PlyCount "111"]
[EventDate "1994.07.30"]

1. d4 Nf6 2. c4 e6 3. Nc3 c5 4. d5 exd5 5. cxd5 d6 6. e4 g6 7. Bd3 Bg7 8. Nge2
O-O 9. O-O a6 10. a4 Nbd7 11. f4 Ng4 12. Qe1 f5 13. h3 Nh6 14. Ng3 Re8 15. Qd1
Bd4+ 16. Kh1 Qh4 17. Qf3 Nf6 18. Bd2 fxe4 19. Ngxe4 Nxe4 20. Nxe4 Nf5 21. Kh2
Bxb2 22. Rae1 Nd4 23. Qd1 Bf5 24. Qb1 Ba3 25. Nxd6 Rxe1 26. Bxe1 Bxd3 27. Qxd3
Qe7 28. Nc4 Bc1 29. Ba5 Qe2 30. Qxe2 Nxe2 31. g3 b5 32. d6 bxc4 33. d7 Bd2 34.
Bxd2 c3 35. Be3 Nd4 36. Rc1 Rd8 37. Rxc3 Ne6 38. Bxc5 Rxd7 39. Be3 Kf7 40. g4
Rb7 41. Kg3 Rb4 42. a5 Ra4 43. Rb3 Rxa5 44. Rb7+ Kg8 45. Re7 Nc5 46. Bd4 Nb3
47. Be5 Nd2 48. Rg7+ Kf8 49. Rxh7 Ne4+ 50. Kg2 g5 51. Kf3 Nd2+ 52. Ke2 Ra2 53.
Kd3 Nf3 54. Ke4 Nd2+ 55. Kf5 gxf4 56. Ke6 1-0

[Event "III Festival Magistrale"]
[Site "Montecatini Terme ITA"]
[Date "1994.07.??"]
[Round "?"]
[White "Guido, Flavio"]
[Black "Bracaglia, Carlo"]
[Result "1-0"]
[WhiteElo "2320"]
[BlackElo "2091"]
[PlyCount "66"]
[EventDate "1994.07.30"]

1. e4 c6 2. d4 d5 3. exd5 cxd5 4. c4 Nf6 5. Nc3 g6 6. cxd5 Bg7 7. Bb5+ Bd7 8.
Bc4 O-O 9. Qb3 Bf5 10. Qxb7 Nbd7 11. Bf4 Rc8 12. Qb3 Nh5 13. Be3 Rb8 14. Qa3
Qc7 15. Bb3 Nf4 16. Bxf4 Qxf4 17. Nge2 Qg4 18. O-O h5 19. Qxe7 h4 20. h3 Qh5
21. d6 g5 22. g4 hxg3 23. Nxg3 Qxh3 24. Qxg5 Bg4 25. Nd5 Bf3 26. Nf4 Qh7 27.
Nfh5 Kh8 28. Qxg7+ Qxg7 29. Nxg7 Kxg7 30. Rfe1 Nf6 31. Re5 Rh8 32. Rg5+ Kf8 33.
Rf5 Ne4 1-0

[Event "III Festival Magistrale"]
[Site "Montecatini Terme ITA"]
[Date "1994.07.??"]
[Round "?"]
[White "Guido, Flavio"]
[Black "Foisor, Ovidiu-Doru"]
[Result "1-0"]
[WhiteElo "2320"]
[BlackElo "2440"]
[PlyCount "51"]
[EventDate "1994.07.30"]

1. e4 e6 2. d4 d5 3. e5 c5 4. c3 Nc6 5. Nf3 Bd7 6. Be2 Nge7 7. Na3 cxd4 8. cxd4
Nf5 9. Nc2 Qb6 10. O-O Rc8 11. Bd3 a5 12. a3 a4 13. Bxf5 exf5 14. Ne3 Qb5 15.
b3 axb3 16. Rb1 Be6 17. Rxb3 Qa6 18. Bd2 g5 19. Nxg5 Nxd4 20. Nxe6 fxe6 21.
Qh5+ Kd7 22. Qf7+ Be7 23. Nxd5 Ne2+ 24. Kh1 exd5 25. Bg5 Rce8 26. Rfb1 1-0

[Event "III Festival Magistrale"]
[Site "Montecatini Terme ITA"]
[Date "1994.07.??"]
[Round "?"]
[White "Guido, Flavio"]
[Black "Gaido, Paolo"]
[Result "1/2-1/2"]
[WhiteElo "2320"]
[BlackElo "2095"]
[PlyCount "62"]
[EventDate "1994.07.30"]

1. e4 d6 2. d4 Nf6 3. Nc3 g6 4. Be3 Bg7 5. f3 O-O 6. Qd2 c6 7. O-O-O b5 8. Bh6
b4 9. Nce2 Qa5 10. Kb1 Be6 11. Nc1 Nbd7 12. h4 Rfc8 13. Bxg7 Kxg7 14. h5 Nxh5
15. g4 Nhf6 16. Qh6+ Kh8 17. Nh3 Nf8 18. Nf4 c5 19. g5 Ne8 20. Nxe6 fxe6 21. d5
c4 22. f4 b3 23. c3 bxa2+ 24. Nxa2 Rab8 25. dxe6 Qa4 26. Rd4 Rxb2+ 27. Kxb2
Rb8+ 28. Nb4 Rxb4+ 29. cxb4 Qb3+ 30. Ka1 Qa3+ 31. Kb1 Qb3+ 1/2-1/2

[Event "III Festival Magistrale"]
[Site "Montecatini Terme ITA"]
[Date "1994.07.??"]
[Round "?"]
[White "Ioseliani, Nana M."]
[Black "Bracaglia, Carlo"]
[Result "1-0"]
[WhiteElo "2435"]
[BlackElo "2091"]
[PlyCount "81"]
[EventDate "1994.07.30"]

1. Nf3 Nf6 2. c4 g6 3. g3 Bg7 4. Bg2 O-O 5. O-O d6 6. Nc3 e5 7. d3 Nc6 8. Rb1
a5 9. a3 Nh5 10. b4 axb4 11. axb4 Kh8 12. b5 Ne7 13. Bb2 f5 14. Ne1 f4 15. Ra1
Rb8 16. Ne4 Be6 17. Rc1 Qc8 18. b6 fxg3 19. hxg3 Nc6 20. Nf3 cxb6 21. d4 Bh3
22. Nxd6 Qg4 23. Nh2 Qd7 24. dxe5 Bxg2 25. Kxg2 Nxe5 26. Qd5 Nf7 27. Bxg7+ Nxg7
28. Rfd1 Nxd6 29. Qxd6 Qc6+ 30. Nf3 Rbe8 31. Qxc6 bxc6 32. Rc2 Rf6 33. Rb2 Rb8
34. c5 b5 35. Ne5 Re6 36. f4 Nf5 37. Kf3 h5 38. e4 Nh6 39. Rd6 Rxd6 40. cxd6
Rd8 41. d7 1-0

[Event "III Festival Magistrale"]
[Site "Montecatini Terme ITA"]
[Date "1994.07.??"]
[Round "?"]
[White "Ioseliani, Nana M."]
[Black "Cirabisi, Federico"]
[Result "1-0"]
[WhiteElo "2435"]
[BlackElo "2240"]
[PlyCount "65"]
[EventDate "1994.07.30"]

1. Nf3 d5 2. d4 e6 3. c4 c6 4. e3 Bd6 5. Bd3 f5 6. O-O Nf6 7. b3 Qe7 8. Bb2 O-O
9. Ne5 Nbd7 10. Nd2 Ne4 11. a3 Rf6 12. f3 Nxd2 13. Qxd2 Rh6 14. g3 Nf6 15. b4
Qe8 16. Qe2 Bd7 17. c5 Bc7 18. a4 Rd8 19. b5 Qh5 20. Bc3 Be8 21. Rab1 Qh3 22.
Qg2 Qh5 23. bxc6 Bxc6 24. Nxc6 bxc6 25. Rb7 Qf7 26. Rxa7 Rb8 27. Rb1 Rxb1+ 28.
Bxb1 Qf8 29. Qb2 Ne8 30. Ba5 f4 31. Bxc7 fxg3 32. Bxg3 Qxf3 33. Qf2 1-0

[Event "III Festival Magistrale"]
[Site "Montecatini Terme ITA"]
[Date "1994.07.??"]
[Round "?"]
[White "Ioseliani, Nana M."]
[Black "Lau, Ralf"]
[Result "0-1"]
[WhiteElo "2435"]
[BlackElo "2515"]
[PlyCount "60"]
[EventDate "1994.07.30"]

1. e4 c5 2. Nf3 e6 3. d4 cxd4 4. Nxd4 a6 5. Bd3 g6 6. O-O Bg7 7. Ne2 Nc6 8. c4
Nf6 9. Nbc3 O-O 10. Bc2 Ng4 11. Bf4 Nge5 12. b3 b5 13. cxb5 axb5 14. Rc1 Ba6
15. Re1 b4 16. Na4 d5 17. exd5 exd5 18. Bb1 Re8 19. Qd2 d4 20. Ng3 d3 21. Bg5
f6 22. Be3 f5 23. a3 bxa3 24. Ba2 Nd4 25. b4+ Kh8 26. Bxd4 Qxd4 27. Nc5 Qb2 28.
Qxb2 axb2 29. Rb1 d2 30. Red1 Bc4 0-1

[Event "III Festival Magistrale"]
[Site "Montecatini Terme ITA"]
[Date "1994.07.??"]
[Round "?"]
[White "Ioseliani, Nana M."]
[Black "Vezzosi, Paolo"]
[Result "1-0"]
[WhiteElo "2435"]
[BlackElo "2300"]
[PlyCount "51"]
[EventDate "1994.07.30"]

1. e4 e6 2. d4 d5 3. Nc3 Nf6 4. e5 Nfd7 5. f4 c5 6. Nf3 Nc6 7. Be3 a6 8. Qd2 b5
9. dxc5 Bxc5 10. Nd4 Bxd4 11. Bxd4 Nxd4 12. Qxd4 Bb7 13. O-O-O O-O 14. h4 f6
15. exf6 Nxf6 16. g3 Qd6 17. Bh3 Rfe8 18. Rhe1 b4 19. Ne4 Nxe4 20. Qxe4 dxe4
21. Rxd6 a5 22. Bxe6+ Kf8 23. Bd5 Bxd5 24. Rxd5 Re6 25. Re5 Rae8 26. R1xe4 1-0

[Event "III Festival Magistrale"]
[Site "Montecatini Terme ITA"]
[Date "1994.07.??"]
[Round "?"]
[White "Iotti, Pierluigi"]
[Black "Everet, Alexandro"]
[Result "1/2-1/2"]
[WhiteElo "2255"]
[BlackElo "1971"]
[PlyCount "226"]
[EventDate "1994.07.30"]

1. d4 d5 2. c4 e6 3. Nc3 Nf6 4. Nf3 Nbd7 5. Bg5 Be7 6. e3 h6 7. Bh4 O-O 8. Qc2
c6 9. cxd5 exd5 10. Bd3 Ne8 11. Bg3 Bd6 12. O-O Bxg3 13. hxg3 Nd6 14. b4 f5 15.
b5 Ne4 16. Rab1 Qf6 17. Rfc1 Nxc3 18. Qxc3 cxb5 19. Rxb5 Nb6 20. Qc7 Rf7 21.
Qe5 Bd7 22. Rbc5 Bc6 23. Qxf6 Rxf6 24. Ne5 Rc8 25. Ra5 Ra8 26. Rb1 Be8 27. Bxf5
Rxf5 28. Rxb6 Rc8 29. Rb1 a6 30. g4 Rf6 31. Rxd5 Rc2 32. f3 b5 33. Rd8 Rf8 34.
Ra1 Bf7 35. Nxf7 Kxf7 36. Rd7+ Kg8 37. Ra7 Re2 38. Rxa6 Rc8 39. Kh2 Rcc2 40.
Rg1 Rxe3 41. Rb6 Rxa2 42. Rxb5 Rd3 43. d5 Rad2 44. Kg3 Rxd5 45. Rxd5 Rxd5 46.
Ra1 h5 47. gxh5 Rxh5 48. Kg4 Rb5 49. f4 Kh7 50. Ra6 Rc5 51. g3 Rb5 52. f5 Rc5
53. Kg5 Rc1 54. g4 Rf1 55. Ra2 Rh1 56. Rf2 Ra1 57. Rh2+ Kg8 58. Kh5 Ra5 59. Rb2
Kh7 60. Rb7 Rc5 61. Kh4 Kg8 62. Kg5 Kh7 63. Kf4 Rc4+ 64. Kf3 Rc3+ 65. Kf4 Rc4+
66. Kg5 Rc5 67. Rb6 Ra5 68. Re6 Rb5 69. Kf4 Rb4+ 70. Re4 Rb1 71. Ke5 Rb5+ 72.
Ke6 Rb6+ 73. Kf7 Rf6+ 74. Ke7 Ra6 75. Re5 Ra7+ 76. Kf8 Ra8+ 77. Kf7 Ra7+ 78.
Re7 Ra5 79. Rb7 Kh6 80. Rb6+ Kh7 81. Ke6 Kh6 82. Ke7+ Kh7 83. Kf7 Rc5 84. Rb7
Kh6 85. Ke6 Rc6+ 86. Ke5 Rc5+ 87. Kf4 Rc4+ 88. Kg3 Rc3+ 89. Kh4 Rc4 90. Rb8 Kh7
91. Kh5 Rc5 92. Rf8 g6+ 93. Kg5 gxf5 94. gxf5 Kg7 95. Ra8 Rc7 96. Ra6 Kg8 97.
Rg6+ Kf7 98. Rh6 Rc1 99. Rh7+ Kg8 100. Ra7 Rc6 101. Re7 Ra6 102. Re6 Ra7 103.
Kf6 Rf7+ 104. Ke5 Kg7 105. Rg6+ Kf8 106. Rf6 Ke7 107. Ra6 Kf8 108. f6 Rb7 109.
Ke6 Rb8 110. Ra1 Re8+ 111. Kf5 Re2 112. Ra8+ Kf7 113. Ra7+ Kf8 1/2-1/2

[Event "III Festival Magistrale"]
[Site "Montecatini Terme ITA"]
[Date "1994.07.??"]
[Round "?"]
[White "Iotti, Pierluigi"]
[Black "Gagliardi, Pietro"]
[Result "1/2-1/2"]
[WhiteElo "2255"]
[BlackElo "2195"]
[PlyCount "51"]
[EventDate "1994.07.30"]

1. d4 Nf6 2. Nf3 c5 3. e3 g6 4. Be2 Bg7 5. O-O cxd4 6. exd4 d5 7. c3 O-O 8. Ne5
Nfd7 9. Nxd7 Bxd7 10. Qb3 Bc6 11. Nd2 Nd7 12. Nf3 Qc7 13. Re1 Qd6 14. Bf1 Rae8
15. g3 f6 16. Bg2 e5 17. Be3 e4 18. Nd2 f5 19. f3 Kh8 20. Qc2 Bb5 21. fxe4 fxe4
22. Nb3 Bd3 23. Qd2 b6 24. Nc1 Ba6 25. Ne2 Nf6 26. Rf1 1/2-1/2

[Event "III Festival Magistrale"]
[Site "Montecatini Terme ITA"]
[Date "1994.07.??"]
[Round "?"]
[White "Iotti, Pierluigi"]
[Black "Mambrini, Augusto"]
[Result "1/2-1/2"]
[WhiteElo "2255"]
[BlackElo "2027"]
[PlyCount "23"]
[EventDate "1994.07.30"]

1. d4 Nf6 2. c4 e6 3. g3 d5 4. Bg2 dxc4 5. Qa4+ Bd7 6. Qxc4 Bc6 7. Nf3 Be7 8.
O-O O-O 9. Nc3 Nbd7 10. Qd3 Rc8 11. Rd1 b6 12. e4 1/2-1/2